000 00362nam a2200145Ia 4500
008 230917s9999||||xx |||||||||||||| ||und||
040 _e186493
_aMAIN
041 _aEnglish
082 _a863 G165S:G
100 _aSolanet, Mariana
245 0 _aGarcia Marquez: For beginners
260 _aNew Delhi
_bOrient Blackswan
_c2010
300 _a176 p.
942 _cBK
999 _c151898
_d151898